Normal view
MARC view
- مورقان، كليفورد ت مؤلف/ديز، جيمس م.مشارك/جميل، فؤاد مترجم/حوراني، يوسف مراجع
Entry Personal Name
001 - CONTROL NUMBER
- control field: 35683
003 - CONTROL NUMBER IDENTIFIER
- control field: JO-AjAnu
005 - DATE AND TIME OF LATEST TRANSACTION
- control field: 20230606075950.0
008 - FIXED-LENGTH DATA ELEMENTS
- fixed length control field: 230606|| aca||aabn | a|a d
040 ## - CATALOGING SOURCE
- Original cataloging agency: JO-AjAnu
- Transcribing agency: JO-AjAnu
100 ## - HEADING--PERSONAL NAME
- Personal name: مورقان، كليفورد ت مؤلف/ديز، جيمس م.مشارك/جميل، فؤاد مترجم/حوراني، يوسف مراجع
670 ## - SOURCE DATA FOUND
- Source citation: Work cat.: (JO-AjAnu)18323: مورقان، كليفورد ت مؤلف/ديز، جيمس م.مشارك/جميل، فؤاد مترجم/حوراني، يوسف مراجع, author, فن الدراسة